=LDR 00000nam 2200000 4500 =001 INLIS000000000040997 =005 20130612150542 =008 ***********************************ind** =035 ##$$0010-061300000040997 =041 ##$$a ind =082 ##$$a 650.1 =090 ##$$a 650.1, Nil b.1 =100 ##$$a NILAWATI, Eva Sativa =245 ##$$a Beauty preneurship, Cantiknya bisnis kecantikan, Eva sativa nilawati;Editor,westiningsih =260 ##$$a 2010 $b Yogyakarta =300 ##$$a 190 hlm, 14 cm =650 ##$$a BISNIS-KECANTIKAN =700 ##$$a WESTERININGSIH =850 ##$$a NBPNMAT